United States international timber trade in the Pacific area

Bibliographic Details
Main Author: ELCHIBEGOFF 1899-
Format: Book
Published: Stanford, Stanford Univ. Press; London, Oxford Univ. Press [1949]
Subjects:

MARC

LEADER 00000cam a2200000 7i4500
001 0000000811
005 20001011.0
090 0 0 |a 333.75   |b ELB 1949 
100 1 0 |a ELCHIBEGOFF   |h Ivan M.   |c 1899- 
245 1 0 |a United States international timber trade in the Pacific area   |c Ivan M. Elchibegoff 
260 0 0 |a Stanford, Stanford Univ. Press; London, Oxford Univ. Press [1949] 
300 |a xvii, 302 p. :   |b ill ;   |c 26 cm. 
500 0 0 |a Bibliography: [p. 283-294] and index 
650 0 0 |a Lumber trade 
650 0 0 |a Lumber trade   |z United States 
999 |a 0000001832   |b Monograph   |c Open Shelf   |e Default branch